Najwięcej zwycięstw w PŚ (kraje) - Statystyki

Ogólne statystyki
  • Ten quiz został rozwiązany 1 101 razy
  • Średni wynik to 11 z 15
Statystyki odpowiedzi
Zwycięstwa Kraj % Poprawnych
256 Austria
99%
124 Niemcy
91%
93 Polska
91%
123 Norwegia
90%
151 Finlandia
89%
81 Japonia
85%
59 Słowenia
83%
33 Szwajcaria
75%
17 Czechy
71%
1 Rosja
62%
7 Włochy
56%
1 Francja
55%
3 USA
55%
14 Kanada
54%
7 Szwecja
50%
Nie znaleziono quizów pasujących do podanych kryteriów
Rozkład punktacji
Procent ludzi z każdym wynikiem
Percentyl według liczby udzielonych odpowiedzi
Twoja historia wyników
Nie rozwiązałeś tego quizu